Ленинизм о сущности нации и пути образования интернациональной общности людей: [монография]

Podrobná bibliografie
Hlavní autor: Калтахчян С. Т. Сурен Тигранович
Jazyk:ruština
Vydáno: Москва, Изд-во Московского ун-та, 1969
Témata:
Médium: Kniha
KOHA link:https://koha.lib.tpu.ru/cgi-bin/koha/opac-detail.pl?biblionumber=324729

MARC

LEADER 00000nam0a2200000 4500
001 324729
005 20231102003709.0
035 |a (RuTPU)RU\TPU\book\350340 
090 |a 324729 
100 |a 20161121d1969 k y0rusy50 ca 
101 0 |a rus 
102 |a RU 
105 |a y z 001zy 
200 1 |a Ленинизм о сущности нации и пути образования интернациональной общности людей  |e [монография]  |f С. Т. Калтахчян 
210 |a Москва  |c Изд-во Московского ун-та  |d 1969 
215 |a 463 с. 
320 |a Библиогр. в примеч. 
606 1 |a Нация  |x Философия  |2 stltpush  |3 (RuTPU)RU\TPU\subj\37743  |9 58576 
606 1 |a Национальные отношения  |2 stltpush  |3 (RuTPU)RU\TPU\subj\70414  |9 84681 
610 1 |a расы 
610 1 |a национальная культура 
610 1 |a язык 
610 1 |a территории 
610 1 |a коммунизм 
686 |a Ю64  |v LBC/SL-A  |2 rubbk 
686 |a Ф5(0)  |v LBC/SL-A  |2 rubbk 
700 1 |a Калтахчян  |b С. Т.  |g Сурен Тигранович 
801 1 |a RU  |b 63413507  |c 20161121 
801 2 |a RU  |b 63413507  |c 20161124  |g RCR 
942 |c BK